| 000 | 00694nam a2200229 a 4500 | ||
|---|---|---|---|
| 999 |
_c6518 _d6518 |
||
| 001 | 8599 | ||
| 003 | BD-DhUAP | ||
| 005 | 20210103153122.0 | ||
| 008 | 091124r20021999enka b 001 0 eng d | ||
| 020 | _a0195663489 | ||
| 040 |
_aDLC _cDLC _beng _dBD-DhUAP |
||
| 082 | 0 | 4 |
_a330 LIP _223 |
| 100 | 1 | _aLipsey, Richard G. | |
| 245 | 1 | 0 |
_aPrinciples of economics / _cRichard G. Lipsey and K. Alec Chrystal. |
| 250 | _a9th ed. | ||
| 260 |
_aOxford : _bOxford University Press, _cc1999 [Reprinted 2002]. |
||
| 300 |
_axvi, 640 pages : _billustrations ; _c25 cm. |
||
| 504 | _aIncludes bibliographical references and index. | ||
| 650 | 0 | _aEconomics. | |
| 700 | 1 | _aChrystal, K. Alec. | |
| 942 |
_2ddc _cBK |
||